00690 2200229 4500001002100000005001700021008004100038020002200079035002500101040001200126082000800138084001600146245010200162250001100264260004800275300003500323500002700358650001800385700002000403700002500423850001200448INLIS00000000000825320150727150454.0  a978-602-9187-76-2 a0010-071500000000936 aYOPDYOG a241 aDEP 241 Sem aSEMAKIN menjadi manusiawi teologi moral masa kinic/ editor B.A. Rukiyanto, Ignatia Esti Sumarah. aCet.1. aYogyakartabUniversitas Sanata Dharmac2014 aix, 160 hlm.b: ilus.c; 21 cm aBibliografi : hlm. 156 aTeologi moral aRukiyanto, B.A. aIgnatia Esti Sumarah aYOPDYOG